| 000 | 01251nam0a22002891 4500 | ||
|---|---|---|---|
| 001 | rc\4321649 | ||
| 005 | 20130416132036.6 | ||
| 021 |
_aRU _bП1174-67 |
||
| 035 | _a(NLR Aleph) 008266658 | ||
| 090 |
_a8430149 _c8430149 |
||
| 100 | _a20130416d1967 |||y0rusy50 ca | ||
| 101 | 0 | _arus | |
| 102 | _aRU | ||
| 105 | _ay z ||||| | ||
| 200 | 1 |
_aОбработка шкур морского зверя и других видов меховых шкур _f[Сост. канд. техн. наук М.М. Горячева, инж. С.Н. Бакаев, Н.В. Невзоров _gЦентр. ин-т науч.-техн. информации легкой пром-сти М-ва легкой пром-сти СССР |
|
| 210 |
_aМосква _cБ. и. _d1967 |
||
| 215 |
_a11 с. _d22 |
||
| 225 | 1 |
_aНаучно-техническая информация _hСерия11 _iМеховая промышленность _eИнформация _v4 (38) |
|
| 300 | _aНа обл. только загл. серии | ||
| 700 | 1 |
_aГорячева _bМ. М. _4220 |
|
| 701 | 1 |
_aБакаев _bС. Н. _4220 |
|
| 701 | 1 |
_aНевзоров _bН. В. _4220 |
|
| 801 | 0 |
_aRU _bNLR _gpsbo |
|
| 801 | 1 |
_aRU _bELAR _2rusmarc |
|
| 852 |
_aNLR _jП11/2010 |
||
| 942 | _cBOOK | ||
| 980 | _aNB | ||